000 00316 a2200145 4500
001 171213
020 _a
040 _cMagnum
100 _aAlmanaque Brasil
240 1 0 _aAlmanaque brasil 2000/2001
_lpor
245 1 0 _aAlmanaque brasil 2000/2001
362 0 _a1899
697 _aHISTORIA DO BRASIL
942 _cBK
999 _c171213
_d171213